| 000 | 00917nam a2200265 4500 | ||
|---|---|---|---|
| 001 | 284434 | ||
| 005 | 19740624000000.0 | ||
| 008 | 731001s1967 enkab | b 000 0 eng d | ||
| 010 | _a 67084268 | ||
| 015 | _aB67-7229 | ||
| 040 |
_aDLC _cDLC _dDLC |
||
| 043 | _as------ | ||
| 050 | 0 | 0 |
_aF2208 _b.G94 1967a |
| 082 | 0 | 0 |
_a320.98 _bGUN _222 |
| 100 | 1 |
_aGunther, John, _d1901-1970. _99934 |
|
| 245 | 1 | 0 |
_aInside South America/ _cJohn Gunther |
| 260 |
_aLondon: _bH. Hamilton, _c1967. |
||
| 300 |
_axvii, 610 p.: _bmaps; _c22 cm. |
||
| 500 | _aDonation | ||
| 504 | _aBibliography: p. 537-543. | ||
| 651 | 0 |
_aSouth America _910009 _x--Politics |
|
| 651 | 0 |
_aSouth America _910010 _x--Economic conditions. |
|
| 942 |
_2ddc _cBB |
||
| 999 |
_c13037 _d13037 |
||